000 00579nam a2200133Ia 4500
008 171212s9999 xx 000 0 und d
020 _a9780833038784
100 _aLal, Rollie
245 _cLal, Rollie
_aCentral Asia and Its Asian Neighbors
_bSecurity and Commerce at the Crossroads
260 _bRAND Corporation
_c2006
650 _aAsia, Central -- Relations -- Asia; Asia -- Relations -- Asia, Central; Asian cooperation; Asia -- Relations -- United States; United States -- Relations -- Asia
650 _aPolitical Science
856 _uwww.jstor.org/stable/10.7249/mg440af
999 _c351837
_d351837